| 000 | 00509nam a22001817a 4500 | ||
|---|---|---|---|
| 005 | 20251108174530.0 | ||
| 008 | 250721s2001 xx 000 0 ara d | ||
| 082 | 1 | 4 | _aط/591/موس |
| 100 | 1 | _aموسى، حسن | |
| 245 | 1 | 0 | _aماذا يأكلون / |
| 264 | 1 |
_aطرابلس : _bجروس برس، _c2001. |
|
| 300 | _a12ص. | ||
| 650 | 1 | 7 | _aالحيوانات |
| 653 | _aاطفال مرحلة متوسطة (6-9) سنوات | ||
| 700 | 1 | _aحميد، ختام | |
| 942 |
_2ddc _cBK |
||
| 999 |
_c111550 _d111550 |
||